| 000 | 00410nam a2200145 a 4500 | ||
|---|---|---|---|
| 001 | 000036645 | ||
| 005 | 20200930075841.0 | ||
| 008 | 120123s2002 xxu 000 0 spa d | ||
| 020 | _a0312253486 | ||
| 040 |
_aDO-SdBNP _bspa _cBNPHU |
||
| 100 | 1 |
_aLudlum, Robert _962933 |
|
| 245 | 1 | 0 |
_aThe Janson directive / : _bRobert Ludlum. |
| 260 |
_aNew York : _bSt. Martin“s Press , _c2002. |
||
| 300 |
_a547 p. : ; _c23 cm. |
||
| 999 |
_c36136 _d36136 |
||